000 01334nam a2200241Ia 4500
999 _c37273
_d37273
003 OSt
005 20210405132859.0
008 160316s2011 xxu||||| |||| 00| 0 eng d
020 _a9780511977411
020 _a9781107003491
040 _cn
082 _a332.401000
_bCHA
100 _aChamp Bruce
245 _aModeling monetary economics
250 _a3rd
260 _aCambridge
_bCambridge University Press
_c2011
300 _a339p
_cxv
365 _bRs. 3,601
505 _aTable of contents Preface; Part I. Money: 1. Trade in a model with no frictions; 2. A simple model of money; 3. Barter and commodity money; 4. Inflation; 5. International monetary systems; 6. Price surprises; Part II. Banking: 7. Capital; 8. Liquidity and financial intermediation; 9. Central banking and the money supply; 10. Money stock fluctuations; 11. Fully backed central bank money; 12. The payments system; 13. Bank risk; 14. Liquidity risk and bank panics; Part III. Government Debt: 15. Deficits and the national debt; 16. Savings and investment; 17. The effect of the national debt on capital and savings; 18. The temptation of inflation; References; Author index; Subject index.
650 _a1. Money - Mathematical Models
700 _aFreeman Scott
_aHaslag Joseph
942 _2ddc
_cBK